LIBRARY & INFORMATION CENTRE, KCAET, TAVANUR

ONLINE PUBLIC ACCESS CATALOGUE (OPAC)

Building Construction (Record no. 11325)

MARC details
000 -LEADER
fixed length control field 00291cam a2200133ua 4500
003 - CONTROL NUMBER IDENTIFIER
control field OSt
008 - FIXED-LENGTH DATA ELEMENTS--GENERAL INFORMATION
fixed length control field 180820b ||||| |||| 00| 0 eng d
082 ## - DEWEY DECIMAL CLASSIFICATION NUMBER
Classification number 690
Item number RAN/BU
100 ## - MAIN ENTRY--AUTHOR NAME
Personal name Rangwala, S C .
245 ## - TITLE STATEMENT
Title Building Construction
250 ## - EDITION STATEMENT
Edition statement 11 /
300 ## - PHYSICAL DESCRIPTION
Number of Pages 750
942 ## - ADDED ENTRY ELEMENTS (KOHA)
Koha item type Books
Holdings
Withdrawn status Lost status Damaged status Home library Current library Date acquired Full call number Accession Number Koha item type
      KAUAET KAUAET 01/11/1988 690 RAN/BU 16404 Books
      KAUAET KAUAET 01/11/1988 690 RAN/BU 16406 Books
      KAUAET KAUAET 01/11/1988 690 RAN/BU 16407 Books
      KAUAET KAUAET 15/12/1988 690 RAN/BU 16482 Books
free website counter